000
00305nam a22001337a 4500
008
170713b xxu||||| |||| 00| 0 eng d
020
_a
9780155036864
041
_a
eng
080
_a
101
100
_a
24
101
_a
FJA
245
_a
A SHORT INTRODUCTION TO PHILOSOPHY
_c
SOLOMON R,C
942
_2
udc
_c
BK
999
_c
20464
_d
20464